<?xml version="1.0" encoding="UTF-8"?>
<record
    xmlns:xsi="http://www.w3.org/2001/XMLSchema-instance"
    xsi:schemaLocation="http://www.loc.gov/MARC21/slim http://www.loc.gov/standards/marcxml/schema/MARC21slim.xsd"
    xmlns="http://www.loc.gov/MARC21/slim">

  <leader>01182nam a22002657a 4500</leader>
  <controlfield tag="005">20170124103201.0</controlfield>
  <datafield tag="010" ind1=" " ind2=" ">
    <subfield code="a">A-842897</subfield>
  </datafield>
  <datafield tag="020" ind1=" " ind2=" ">
    <subfield code="c">500.00</subfield>
    <subfield code="a">8171050441</subfield>
  </datafield>
  <datafield tag="035" ind1=" " ind2=" ">
    <subfield code="a">A-842897</subfield>
  </datafield>
  <datafield tag="037" ind1=" " ind2=" ">
    <subfield code="b">Cen Lib/Ret</subfield>
  </datafield>
  <datafield tag="040" ind1=" " ind2=" ">
    <subfield code="a">DPL</subfield>
    <subfield code="b">HN</subfield>
  </datafield>
  <datafield tag="082" ind1=" " ind2=" ">
    <subfield code="a">181.41</subfield>
    <subfield code="b">&#x92E;&#x939;&#x947;&#x936; </subfield>
  </datafield>
  <datafield tag="100" ind1=" " ind2=" ">
    <subfield code="a">&#x92E;&#x939;&#x947;&#x936; &#x92D;&#x93E;&#x930;&#x924;&#x940;&#x92F; </subfield>
    <subfield code="9">91800</subfield>
  </datafield>
  <datafield tag="245" ind1=" " ind2=" ">
    <subfield code="a">&#x92D;&#x93E;&#x930;&#x924;&#x940;&#x92F; &#x926;&#x930;&#x94D;&#x939;&#x94D;&#x938;&#x928; &#x915;&#x940; &#x92A;&#x94D;&#x930;&#x92E;&#x941;&#x916; &#x938;&#x92E;&#x938;&#x94D;&#x92F;&#x93E;&#x90F;&#x902; /</subfield>
    <subfield code="c">&#x92E;&#x939;&#x947;&#x936; &#x92D;&#x93E;&#x930;&#x924;&#x940;&#x92F; </subfield>
  </datafield>
  <datafield tag="246" ind1=" " ind2=" ">
    <subfield code="a">Bhartiya darshan ki pramukh samsyayen </subfield>
    <subfield code="b">by Mahesh Bhartiya </subfield>
  </datafield>
  <datafield tag="260" ind1=" " ind2=" ">
    <subfield code="a">&#x917;&#x93E;&#x91C;&#x93C;&#x93F;&#x92F;&#x93E;&#x92C;&#x93E;&#x926;</subfield>
    <subfield code="b">&#x907;&#x902;&#x921;&#x94B; &#x935;&#x93F;&#x91C;&#x928; &#x92A;&#x94D;&#x930;&#x93E;&#x907;&#x935;&#x947;&#x91F; </subfield>
    <subfield code="c">1996</subfield>
  </datafield>
  <datafield tag="270" ind1=" " ind2=" ">
    <subfield code="a">&#x928;&#x947;&#x939;&#x930;&#x941; &#x928;&#x917;&#x930; </subfield>
    <subfield code="b">&#x917;&#x93E;&#x91C;&#x93C;&#x93F;&#x92F;&#x93E;&#x92C;&#x93E;&#x926;</subfield>
    <subfield code="e">201001</subfield>
  </datafield>
  <datafield tag="300" ind1=" " ind2=" ">
    <subfield code="a">483&#x92A;&#x943;&#x937;&#x94D;&#x920;. </subfield>
    <subfield code="c">20&#x938;&#x947;&#x92E;&#x940;(&#x938;&#x91C;&#x93F;&#x932;&#x94D;&#x926;)</subfield>
  </datafield>
  <datafield tag="500" ind1=" " ind2=" ">
    <subfield code="a">&#x938;&#x928;&#x94D;&#x926;&#x930;&#x94D;&#x92D; &#x917;&#x94D;&#x930;&#x928;&#x94D;&#x925; &#x938;&#x942;&#x91A;&#x940; &#x936;&#x93E;&#x92E;&#x93F;&#x932; </subfield>
  </datafield>
  <datafield tag="650" ind1=" " ind2=" ">
    <subfield code="a">&#x92D;&#x93E;&#x930;&#x924;&#x940;&#x92F; &#x926;&#x930;&#x94D;&#x936;&#x928; &#x936;&#x93E;&#x938;&#x94D;&#x924;&#x94D;&#x930; </subfield>
    <subfield code="9">91801</subfield>
  </datafield>
  <datafield tag="650" ind1=" " ind2=" ">
    <subfield code="a">&#x92C;&#x902;&#x927;&#x928; &#x914;&#x930; &#x92E;&#x94B;&#x915;&#x94D;&#x937; </subfield>
    <subfield code="9">42569</subfield>
  </datafield>
  <datafield tag="650" ind1=" " ind2=" ">
    <subfield code="a">Indian Philosophy</subfield>
    <subfield code="9">91802</subfield>
  </datafield>
  <datafield tag="650" ind1=" " ind2=" ">
    <subfield code="a">Bondage and liberation</subfield>
    <subfield code="9">91803</subfield>
  </datafield>
  <datafield tag="942" ind1=" " ind2=" ">
    <subfield code="2">ddc</subfield>
    <subfield code="c">HN</subfield>
    <subfield code="h">181.41</subfield>
    <subfield code="m">&#x92E;&#x939;&#x947;&#x936; </subfield>
  </datafield>
  <datafield tag="999" ind1=" " ind2=" ">
    <subfield code="c">120658</subfield>
    <subfield code="d">120658</subfield>
  </datafield>
  <datafield tag="952" ind1=" " ind2=" ">
    <subfield code="0">0</subfield>
    <subfield code="1">0</subfield>
    <subfield code="4">0</subfield>
    <subfield code="7">0</subfield>
    <subfield code="a">L</subfield>
    <subfield code="b">L</subfield>
    <subfield code="d">2015-09-23</subfield>
    <subfield code="e">Cen Lib/Ret</subfield>
    <subfield code="g">500.00</subfield>
    <subfield code="l">4</subfield>
    <subfield code="m">2</subfield>
    <subfield code="o">181.41 &#x92E;&#x939;&#x947;&#x936;</subfield>
    <subfield code="p">A-842897</subfield>
    <subfield code="r">2026-04-22 13:11:29</subfield>
    <subfield code="s">2026-03-25</subfield>
    <subfield code="t">1</subfield>
    <subfield code="v">500.00</subfield>
    <subfield code="w">2015-09-23</subfield>
    <subfield code="y">HN</subfield>
  </datafield>
</record>
